000 00795nam a2200217Ia 4500
001 7532
003 GE_BSU
008 181216s||||||||xx |||||||||||||| ||und||
040 _cGE_BSU
080 _a691:666(075.8)
100 _aИванов,И.А.
245 _aТехнология легких бетонов на искусственных пористых заполнителях.
245 _bУчебное пособие.
245 _cНауч.ред. В.Г.Довжик.
260 _aМ.
260 _bСтройиздат.
260 _c1974.
300 _a287стр. 20см. с илл. библиогр.:стр.281-283.
653 _aТехнология легких бетонов на искусственных пористых заполнителях.
942 _cBK
999 _c40888
_d40888